Agentúrne zamestnávanie

Agentúrne zamestnávanie ako flexibilná forma zamestnávania. Zamestnanec a agentúra dočasného zamestnávania. Agentúra dočasného zamestnávania a užívateľský zamestnávateľ. Dočasne pridelený zamestnanec a užívateľský zamestnávateľ.

Gespeichert in:
Bibliographische Detailangaben
1. Verfasser: Gášpárová, Eva
Format: Buchkapitel
Sprache:Slowakisch
Schlagworte:
Tags: Tag hinzufügen
Keine Tags, Fügen Sie das erste Tag hinzu!

MARC

LEADER 00000naa a2200000 4500
001 0182698
005 20231109104250.0
041 0 |a slo 
044 |a SK 
245 1 0 |a Agentúrne zamestnávanie  |c Eva Gášpárová 
520 |a Agentúrne zamestnávanie ako flexibilná forma zamestnávania. Zamestnanec a agentúra dočasného zamestnávania. Agentúra dočasného zamestnávania a užívateľský zamestnávateľ. Dočasne pridelený zamestnanec a užívateľský zamestnávateľ. 
610 2 0 |a trh práce 
610 2 0 |a zamestnanosť 
610 2 0 |a zamestnanie 
610 2 0 |a zamestnávatelia 
610 2 0 |a zamestnanci 
610 2 0 |a agentúry 
100 1 |a Gášpárová, Eva